Zhodnotenie kohéznej politiky Európskej únie v období 2004-2006 a jej vplyv na rozvoj regiónov v ekonomike SR diplomová práca

Uložené v:
Podrobná bibliografia
Hlavný autor: Gulášová, Katarína
Korporativný autor: Národohospodárska fakulta EU. Katedra verejnej správy a regionálneho rozvoja
Ďalší autori: Tvrdoň, Jozef
Médium: Kniha
Jazyk:Slovak
Vydavateľské údaje: Bratislava 2011
Tagy: Pridať tag
Žiadne tagy, Buďte prvý, kto otaguje tento záznam!

MARC

LEADER 00000nbm a2200000 4500
001 0142273
005 20161109102003.9
041 0 |a slo 
044 |a SK 
245 1 0 |a Zhodnotenie kohéznej politiky Európskej únie v období 2004-2006 a jej vplyv na rozvoj regiónov v ekonomike SR  |b diplomová práca  |c Katarína Gulášová ; školiteľ: Jozef Tvrdoň 
264 1 |a Bratislava  |c 2011 
300 |a 81 s. 
100 1 |a Gulášová, Katarína 
700 1 |a Tvrdoň, Jozef 
710 2 |a Národohospodárska fakulta EU. Katedra verejnej správy a regionálneho rozvoja